Catàleg del Col·legi de Periodistes de Catalunya

Crowdfunding : (Registre núm. 8003)

000 -CABECERA
Longitud fija campo de control 00571nam a2200205 i 4500
001 - NÚMERO DE CONTROL
Número de control Rebiun31320430
003 - IDENTIFICADOR DEL NÚMERO DE CONTROL
Identificador del número de control OSt
005 - FECHA Y HORA DE LA ÚLTIMA TRANSACCIÓN
Fecha y hora de la última transacción 20241218133719.0
008 - CÓDIGOS DE INFORMACIÓN DE LONGITUD FIJA
Códigos de información de longitud fija 221003s2022 sp |||||r 001 | spa|d
017 ## - NÚMERO DE COPYRIGHT O DE DEPÓSITO LEGAL
Número de copyright o de depósito legal M 11502-2022
020 ## - NÚMERO INTERNACIONAL NORMALIZADO PARA LIBROS
Número Internacional Normalizado para Libros (ISBN) 9788441545359
040 ## - FUENTE DE LA CATALOGACIÓN
Centro catalogador de origen UVA
Lengua de catalogación spa
Centro transcriptor CDMR
100 ## - PUNTO DE ACCESO PRINCIPAL-NOMBRE DE PERSONA
Nombre de persona Acconcia, Valentí
9 (RLIN) 4996
245 10 - MENCIÓN DE TÍTULO
Título Crowdfunding :
Resto del título financia y lanza tu proyecto /
Mención de responsabilidad, etc. Valentí Acconcia
260 ## - PUBLICACIÓN, DISTRIBUCIÓN, ETC. (PIE DE IMPRENTA)
Lugar de publicación, distribución, etc. Madrid :
Nombre del editor, distribuidor, etc. Anaya Multimedia,
Fecha de publicación, distribución, etc. 2022
300 ## - DESCRIPCIÓN FÍSICA
Extensión 342 p. ;
Dimensiones 23 cm
490 1# - MENCIÓN DE SERIE
Mención de serie Social Business
650 #0 - PUNTO DE ACCESO ADICIONAL DE MATERIA - TÉRMINO DE MATERIA
Término de materia o nombre geográfico como elemento inicial Emprenedoria
9 (RLIN) 3077
942 ## - ENTRADA DE ELEMENTOS AGREGADOS (KOHA)
Fuente de clasificaión o esquema
Koha [por defecto] tipo de item Monografies
Fons
Suprimido Perdido Estropeado No para préstamo Localización permanente Localización actual Fecha adquisición Fuente de adquisición Coste, precio normal de compra Signatura completa Código de barras Fecha última consulta Fecha del precio de reemplazo Tipo de item de Koha
        Centre de Documentació Montserrat Roig Centre de Documentació Montserrat Roig 2024-12-18 Donació 22.00 Cm 1/44 CDMR22100009 2024-12-18 2024-12-18 Monografies

Implantat amb Koha